Drapeaux contenant du vert - Statistiques

Statistiques générales
  • Ce quiz a été pris 27 fois
  • Le résultat moyen est 44 sur 89
Statistiques - réponses
Réponses % Correct
Italie
92%
Algérie
88%
Irlande
84%
Portugal
84%
Afrique du sud
80%
Brésil
76%
Mexique
76%
Afghanistan
72%
Maroc
72%
Hongrie
68%
Jamaïque
68%
Liban
68%
Turkménistan
68%
Bulgarie
64%
Iran
64%
Pakistan
64%
Irak
60%
Jordanie
60%
Sénégal
60%
Arabie Saoudite
56%
Bangladesh
56%
Congo
56%
Côte d'Ivoire
56%
Niger
56%
Oman
56%
Ouzbékistan
56%
Soudan
56%
Soudan du Sud
56%
Syrie
56%
Zimbabwe
56%
Bolivie
52%
Guinée
52%
Guinée-Bissau
52%
Inde
52%
Libye
52%
Mauritanie
52%
Togo
52%
Azerbaïdjan
48%
Belize
48%
Biélorussie
48%
Cameroun
48%
Chypre
48%
Émirats arabes unis
48%
Ghana
48%
Guinée équatoriale
48%
Lituanie
48%
Mali
48%
Nigeria
48%
Salvador
48%
Seychelles
48%
Suriname
48%
Zambie
48%
Burundi
44%
Fidji
44%
Tadjikistan
44%
Tanzanie
44%
Vanuatu
44%
Bénin
40%
Burkina Faso
40%
Comores
40%
Dominique
40%
Équateur
40%
Kenya
40%
Koweït
40%
Madagascar
40%
Saint-Christophe-et-Niévès
40%
Saint-Marin
40%
Saint-Vincent-et-les-Grenadines
40%
Sierra Leone
40%
Éthiopie
36%
Gabon
36%
Gambie
36%
Grenade
36%
Lesotho
36%
Maldives
36%
Maurice
36%
Namibie
36%
République centrafricaine
36%
Djibouti
32%
Érythrée
32%
Guatemala
32%
Rwanda
32%
Sri Lanka
32%
Haïti
28%
Malawi
24%
Sao-Tomé-et-Principe
24%
République dominicaine
20%
Îles Salomon
16%
Myanmar
16%
Aucun quiz correspondant
Distribution des résultats
% des personnes avec chaque résultat
Percentile par nombre de réponses
Votre historique - résultats
Vous n’avez pas pris ce quiz